000 nam a22 a 4500
999 _c1942
_d1942
003 AKMAL
005 20170512141710.0
008 170512s1997 ii g l i|01 | eng d
020 _a8185224730 (set)
020 _a8185224722 (v. 1) :
_cRM 190.00
020 _a8185224781 (v. 2) :
_cRM75.00
039 9 _a200506161558
_bnormila
040 _aAKMAL
_cAKMAL
043 _aa-my---
049 _amal
082 0 4 _a345.59502 LAW
090 0 0 _a345.59502
_bLAW
100 0 _aRatanlal Ranchhoddas
_94028
240 1 0 _aLaw of crimes
245 1 0 _aRatanlal & Dhirajlal's law of crimes with list of Malaysian cases :
_barranged by sections [1932-1996] /
_cRatanlal & Dhirajlal's; revised by C.K. Thakker
250 _a24th ed.
260 _aNew Delhi :
_bBharat Law House,
_c1998
300 _a2 v. ;
_c25cm
500 _aFirst edition published in 1901
500 _aIncludes index
504 _aIncludes bibliographical references
505 0 _av. 1. ss.- 1 to 298
650 0 _aCriminal law
_zMalaysia
_93716
650 0 _aCriminal law
_xCases
_zMalaysia
_94029
700 1 _aThakker, C. K.
_94030
942 _2ddc
_cBOOK